2010s Directors by Movies - Statistics

General Stats
  • This quiz has been taken 84 times
  • The average score is 10 of 15
Answer Stats
Movies Directors % Correct
Inception, The Dark Knight Rises, Interstellar, Dunkirk Christopher Nolan
99%
Shutter Island, Hugo, The Wolf of Wall Street, Silence, The Irishman Martin Scorsese
94%
The Adventures of Tintin, War Horse, Lincoln, Bridge of Spies, The BFG, The Post, Ready Player One Steven Spielberg
91%
Moonrise Kingdom, The Grand Budapest Hotel, Isle of Dogs Wes Anderson
90%
Alice in Wonderland, Dark Shadows, Frankenweenie, Big Eyes, Miss Peregrine's Home For Peculiar Children, Dumbo Tim Burton
81%
Whiplash, La La Land, First Man Damien Chazelle
69%
Super 8, Star Trek Into Darkness, Star Wars: Episode VII: The Force Awakens, Star Wars: Episode IX: The Rise of Skywalker J.J. Abrams
67%
Iron Man 2, Cowboys and Aliens, Chef, The Jungle Book, The Lion King Jon Favreau
64%
Lady Bird, Little Women Greta Gerwig
63%
Legends of the Guardians: The Owls of Ga'Hoole, Sucker Punch, Man of Steel, Batman v. Superman: Dawn of the Justice, Justice League Zack Snyder
60%
Boy, What We Do in the Shadows, Hunt For the Wilderpeople, Thor: Ragnarok, Jojo Rabbit Taika Waititi
59%
Looper, Star Wars: Episode VIII: The Last Jedi, Knives Out Rian Johnson
51%
The Avengers, Avengers: Age of Ultron, Justice League Joss Whedon
47%
The Other Guys, Anchorman 2: The Legend Continues, The Big Short, Vice Adam McKay
46%
Greenberg, Frances Ha, While We're Young, Mistress America, The Meyerowitz Stories, Marriage Story Noah Baumbach
46%
No matching quizzes found
Score Distribution
Percent of People with Each Score
Percentile by Number Answered
Your Score History
You have not taken this quiz